El significado del matrimonio : enfrentando las dificultades del compromiso con la sabiduría de Dios /

Bibliographic Details
Main Authors: Keller, Timothy, 1950- (Author), Keller, Kathy (Kathy Louise) (Author)
Other Authors: Flórez, Pilar (Translator)
Format: Electronic eBook
Language:Spanish
English
Published: Barcelona : Andamio, [2014]
Edition:1a edición.
Subjects:
Online Access:Digitalia Hispánica

MARC

LEADER 00000nam a2200000Ii 4500
001 DIGULZM0006
003 NyNyDIG
006 m o d
007 cr |||||||||||
008 240108s2014 sp ob 000 0 spa d
035 |a (OCoLC)1417821022 
040 |a DGITA  |b eng  |e rda  |e pn  |c DGITA 
020 |a 9788415189992  |q eBook 
020 |z 9788415189923 
041 1 |a spa  |h eng 
050 1 4 |a BV835 ebook 
082 0 4 |a 248.844  |2 23 
100 1 |a Keller, Timothy,  |d 1950-  |e author. 
240 1 0 |a Meaning of marriage.  |l Spanish  |s (Flórez) 
245 1 3 |a El significado del matrimonio :  |b enfrentando las dificultades del compromiso con la sabiduría de Dios /  |c Timothy Keller y Kathy Keller ; traducción, Pilar Flórez. 
250 |a 1a edición. 
264 1 |a Barcelona :  |b Andamio,  |c [2014] 
300 |a 1 online resource. 
336 |a text  |b txt  |2 rdacontent 
337 |a computer  |b c  |2 rdamedia 
338 |a online resource  |b cr  |2 rdacarrier 
347 |a text file  |2 rdaft 
347 |b EPUB 
504 |a Includes bibliographical references. 
588 0 |a Online resource; title from ePub title page (Digitalia, viewed January 8, 2024) 
650 0 |a Marriage  |x Religious aspects  |x Christianity. 
700 1 |a Keller, Kathy  |q (Kathy Louise),  |e author. 
700 1 |a Flórez, Pilar,  |e translator. 
700 1 |i Translation of:  |a Keller, Timothy,  |d 1950-  |t Meaning of marriage. 
791 2 |a Digitalia (Firm),  |e distributor. 
793 0 |g Digitalia eBook Collection:  |a Ulzama 
776 0 8 |i Print version:  |a Keller, Timothy, 1950-  |s Meaning of marriage. Spanish (Flórez).  |t Significado del matrimonio.  |b 1a edición.  |d Barcelona : Andamio, [2014]  |z 9788415189923 
856 4 0 |3 Digitalia Hispánica  |u https://www.digitaliapublishing.com/a/88627/ 
910 |a Premium collection: 2024